000 00416nam a2200157Ia 4500
008 230917s9999||||xx |||||||||||||| ||und||
020 _cRS400
040 _e20418
_aMAIN
041 _aEnglish
082 _a333.913 H763P
100 _aHooja, Rakesh, ed.
245 0 _aPlanning area development and Indira Gandhi canal project
260 _aJaipur
_bRawat Publications
_c1994
300 _aiv, 328 p.
942 _cBK
999 _c83618
_d83618